000
00312nam a22001217a 4500
008
170801b xxu||||| |||| 00| 0 eng d
041
_a
ger
080
_a
004
100
_a
32
101
_a
SHK
245
_a
KINDERPORNOGRAPHIE, JUGENDSCHUTZ UNDPROVIDERVERANTWORTLICHKEIT IM INTERNET
_c
SIEBER,U
942
_2
udc
_c
BK
999
_c
22433
_d
22433